| 000 | 00453nab a2200145Ia 4500 | ||
|---|---|---|---|
| 003 | ES-SlBCS | ||
| 005 | 20210601123726.0 | ||
| 008 | 140529s1977 xxu||||| |||| 00| 0 spa d | ||
| 041 | _aspa | ||
| 110 | 2 |
_aInvestigación y Ciencia _9128039 |
|
| 245 | 0 | 0 |
_aDel bronce al acero _cINVESTIGACIÓN Y CIENCIA |
| 650 | 0 | 4 |
_aBronce _9128328 |
| 773 | 0 |
_tInvestigacion y Ciencia (Traducción de: Scientific American) _gnº. 9, 1977, págs. 41 _wRev1650 |
|
| 942 | _cAR | ||
| 999 |
_c502597 _d502597 |
||